000
00222nam a22000857a 4500
008
160711b xxu||||| |||| 00| 0 eng d
100
_9
2546
_a
Aggarwal M.L
245
_a
Mathematics-XII
260
_a
New Delhi
_b
APC Publication
_c
2009
999
_c
2212
_d
2212